000 01106nam a22003497a 4500
001 BR0205944
003 BR-BrBNA
005 20230928101220.0
007 ta
008 230509b bl.||||| |||| 00| 0 por d
040 _aBR-BrBNA
_bpor
_cBiblioteca Nacional de Agricultura
041 _a(Por)
072 _aL02
_b5212
_b0120
_b8912
090 _ 5212 BR0205944
100 1 _aCoimbra, L.E.P.
110 1 _aUniversidade Federal de Minas Gerais, Belo Horizonte (Brasil). Escola de Veterinária
_0Tese (Mestre em Zootecnia)
245 1 _aAvaliação da substituição do milho pela polpa cítrica em concentrados para bezerros: desempenho e parâmetros da fermentação ruminais
260 3 _aBelo Horizonte, MG (Brasil):
_c2002.
300 _a65 p.
500 _aSummaries (Eng, Por); 23 ref.; 37 tables; 15 illus.
650 _aBEZERRO
650 _aNUTRIÇÃO ANIMAL
650 _aRAÇÃO
650 _aPOLPA
650 _aMILHO
650 _aGANHO DE PESO
650 _aRUMÊN
650 _aFERMENTAÇÃO
650 _aDIETA
909 _a202309
_bLucia
_c55
_dLucia Elande
942 _cBK
999 _c64760
_d64760